| 000 | 00371nam a2200157Ia 4500 | ||
|---|---|---|---|
| 008 | 230917s9999||||xx |||||||||||||| ||und|| | ||
| 040 |
_e74229 _aMAIN |
||
| 041 | _aEnglish | ||
| 082 | _a658.4 F959N | ||
| 100 | _aFulmer, Robert M | ||
| 245 | 4 | _aThe new management | |
| 250 | _a3rd ed. | ||
| 260 |
_aNew York _bMacmillan _c1983 |
||
| 300 | _axvi, 526 p. | ||
| 942 | _cBK | ||
| 999 |
_c231419 _d231419 |
||